| 000 | 00555nab a2200265Ia 4500 | ||
|---|---|---|---|
| 001 | 5000 | ||
| 008 | 191123s9999 xx 000 0 und d | ||
| 041 | _aspa | ||
| 044 | _aag | ||
| 100 | _aAndrade, Mario de, | ||
| 245 | 0 | _aDanzas dramáticas del Brasil | |
| 260 |
_aBuenos Aires : _b[s.n.], _c1940. |
||
| 300 | _app. 18-19 | ||
| 650 | _aBRASIL | ||
| 650 | _aDANZAS | ||
| 902 | _aS | ||
| 903 | _aa | ||
| 904 | _aas | ||
| 907 | _aImpreso | ||
| 912 | _a1940 | ||
| 920 | _a1, n.2 | ||
| 942 | _cANALITICA | ||
| 999 |
_c13063 _d13063 |
||
| 490 | 0 | _aArs | |